|
|
|
|
| LEADER |
01164nam a22002657a 4500 |
| 001 |
39507 |
| 003 |
BD-DhAAL |
| 008 |
220928t2005 bg b 000 0 eng d |
| 999 |
|
|
|c 44931
|d 44931
|
| 020 |
|
|
|a 9846430650
|
| 040 |
|
|
|a BD-DhAAL
|c BD-DhAAL
|
| 082 |
|
|
|a 811.52
|2 23
|
| 100 |
1 |
|
|a Eliot, T. S.
|q (Thomas Stearns),
|d 1888-1965.
|9 51703
|
| 245 |
1 |
4 |
|a The waste land and other poems :
|b a critical study with complete paraphrase annotations select university questions with answers and explanations with critical comments /
|c T.S. Eliot ; edited by S. Sen.
|
| 250 |
|
|
|a New edition.
|
| 260 |
|
|
|a Dhaka :
|b Friends Book Corner,
|c 2005.
|
| 300 |
|
|
|a 307 pages ;
|c 21 cm.
|
| 504 |
|
|
|a Includes bibliographical references.
|
| 541 |
1 |
|
|a Donated By Akbar Ali Khan
|e 39507
|
| 650 |
|
|
|a Poetry, Modern
|y 20th century.
|9 51705
|
| 650 |
|
|
|a English poetry
|y 20th century.
|9 51706
|
| 700 |
|
|
|a Sen, S.
|9 51704
|
| 852 |
4 |
|
|a Ayesha Abed Library
|c Akbar Ali Khan Collection
|
| 942 |
0 |
0 |
|2 ddc
|c BK
|
| 952 |
|
|
|0 0
|1 0
|2 ddc
|4 0
|6 811_520000000000000_ELI
|7 1
|9 71905
|a BRACUL
|b BRACUL
|c AAKC
|d 2022-09-28
|e Donated by Akbar Ali Khan
|l 4
|m 3
|o 811.52 ELI
|p 3010039507
|r 2025-06-29
|s 2025-06-23
|t 1
|w 2022-09-28
|y BK
|